000 00632nam a22002057a 4500
005 20150107120553.0
010 _aENG-111520
020 _a9788174878465
_c350.00
020 _a8174878467
_c350.00
035 _aEN-95052
037 _bDBAD/PUB
082 _a301.153
245 _aGandhi,peace and journalism /
_cby B.S.R.Anjaneyulu...[et al]
260 _aNew Delhi
_bRadha Publications
_c2013
270 _a423/1,Ansari Road,Daryaganj
_bNew Delhi
_e110002
300 _avi,141p.
_c22cm(Hb)
500 _aincludes bibliographical references
700 _aAnjaneyulu,B.S.R.
942 _2ddc
_cEN
_mGAN
_h301.153
999 _c90586
_d90586